Equipped to lead : (Record no. 19029)

MARC details
000 -LEADER
fixed length control field 01276nam a22002898a 4500
005 - DATE AND TIME OF LATEST TRANSACTION
control field 20080321145305.0
008 - FIXED-LENGTH DATA ELEMENTS--GENERAL INFORMATION
fixed length control field 080321s2009 nyu 000 0 eng
010 ## - LCCN (DPL NO)
LC control number ENG-91792
020 ## - INTERNATIONAL STANDARD BOOK NUMBER
International Standard Book Number 9780070139206
Terms of availability 325.00
020 ## - INTERNATIONAL STANDARD BOOK NUMBER
International Standard Book Number 0070139202
Terms of availability 325.00
035 ## - SYSTEM CONTROL NUMBER
System control number EN-75325
037 ## - SOURCE OF ACQUISITION
Source of stock number/acquisition DBAD / PUB
040 ## - CATALOGING SOURCE
Original cataloging agency dpl
Language of cataloging English
082 ## - DEWEY DECIMAL CLASSIFICATION NUMBER
Classification number 658.4092
100 ## - MAIN ENTRY--PERSONAL NAME
Personal name Sanders, Dan J.
245 ## - TITLE STATEMENT
Title Equipped to lead :
Remainder of title managing people, partners, processes, and performance /
Statement of responsibility, etc by Dan J. Sanders and Galen Walters.
260 ## - PUBLICATION, DISTRIBUTION, ETC. (IMPRINT)
Place of publication, distribution, etc New Delhi
Name of publisher, distributor, etc Tata McGraw-Hill Publsihing
Date of publication, distribution, etc 2009
300 ## - PHYSICAL DESCRIPTION
Extent xxiii, 241p.
Dimensions 20cm (pbk)
500 ## - GENERAL NOTE
General note Includes index
505 ## - FORMATTED CONTENTS NOTE
Formatted contents note Real pervasive chaos -- Contained passion, regrettably -- Call to order! -- People, human beings -- Process: blocking and tackling -- Partners: human beings, too -- Performance (yes, profit) -- Call to action! -- Measurements that matter -- Success and we
650 ## - SUBJECT ADDED ENTRY--TOPICAL TERM
Topical term or geographic name as entry element Management.
650 ## - SUBJECT ADDED ENTRY--TOPICAL TERM
Topical term or geographic name as entry element Leadership.
650 ## - SUBJECT ADDED ENTRY--TOPICAL TERM
Topical term or geographic name as entry element Success in business.
700 ## - ADDED ENTRY--PERSONAL NAME
Personal name Walters, Galen.
942 ## - ADDED ENTRY ELEMENTS (KOHA)
Source of classification or shelving scheme Dewey Decimal Classification
Item type English Books
Classification part 658.4092
Call number suffix SAN
Holdings
Withdrawn status Lost status Source of classification or shelving scheme Damaged status Not for loan Collection code Home library Current library Date acquired Source of acquisition Cost, normal purchase price Total Checkouts Full call number Barcode Date last seen Copy number Cost, replacement price Koha item type
    Dewey Decimal Classification   Not For Loan Non-fiction D.B.Act.Division D.B.Act.Division 24/11/2008 DBAD / PUb 325.00   658.4092 SAN EN-75325 24/11/2008 1 325.00 English Books

© Delhi Public Library
Hit Counter
free hit counter